Magic the Gathering: Champions of Kamigawa Characters - Statistics

General Stats
  • This quiz has been taken 5 times
  • The average score is 33 of 56
Answer Stats
Picture Answer % Correct
Godo, Bandit Warlord
100%
Isamaru, Hound of Konda
100%
Keiga, the Tide Star
100%
Kiki-Jiki, Mirror Breaker
100%
Kokusho, the Evening Star
100%
Kuro, Pitlord
100%
Myojin of Cleansing Fire
100%
Ryusei, the Falling Star
100%
Seizan, Perverter of Truth
100%
Seshiro the Anointed
100%
Yosei, the Morning Star
100%
Autumn-Tail, Kitsune Sage
67%
Azusa, Lost but Seeking
67%
Ben-Ben, Akki Hermit
67%
Brothers Yamazaki
67%
Dosan the Falling Leaf
67%
Eight-and-a-Half-Tails
67%
Horobi, Death's Wail
67%
Iname, Death Aspect
67%
Iname, Life Aspect
67%
Jugan, the Rising Star
67%
Kiku, Night's Flower
67%
Kodama of the North Tree
67%
Kodama of the South Tree
67%
Konda, Lord of Eiganjo
67%
Marrow-Gnawer
67%
Masako the Humorless
67%
Myojin of Infinite Rage
67%
Myojin of Life's Web
67%
Myojin of Night's Reach
67%
Myojin of Seeing Winds
67%
Sensei Golden-Tail
67%
The Unspeakable
67%
Azami, Lady of Scrolls
33%
Dokai, Weaver of Life
33%
Goka the Unjust
33%
He Who Hungers
33%
Hikari, Twilight Guardian
33%
Hisoka, Minamo Sensei
33%
Kenzo the Hardhearted
33%
Kumano, Master Yamabushi
33%
Meloku the Clouded Mirror
33%
Nagao, Bound by Honor
33%
Nighteyes the Desecrator
33%
Sachi, Daughter of Seshiro
33%
Shidako, Broodmistress
33%
Shimatsu the Bloodcloaked
33%
Shisato, Whispering Hunter
33%
Sosuke, Son of Seshiro
33%
Stabwhisker the Odious
33%
Takeno, Samurai General
33%
Tobita, Master of Winds
33%
Tok-Tok, Volcano Born
33%
Tomoya the Revealer
33%
Uyo, Silent Prophet
33%
Zo-Zu the Punisher
33%
No matching quizzes found
Score Distribution
Percent of People with Each Score
Percentile by Number Answered
Your Score History
You have not taken this quiz